Professional feature writing / (Record no. 2677)

MARC details
000 -LEADER
fixed length control field 02840cam a2200349 i 4500
001 - CONTROL NUMBER
control field 22917474
003 - CONTROL NUMBER IDENTIFIER
control field OSt
005 - DATE AND TIME OF LATEST TRANSACTION
control field 20260514111506.0
008 - FIXED-LENGTH DATA ELEMENTS--GENERAL INFORMATION
fixed length control field 230104s2023 nyu b 001 0 eng
010 ## - LIBRARY OF CONGRESS CONTROL NUMBER
LC control number 2022055400
020 ## - INTERNATIONAL STANDARD BOOK NUMBER
International Standard Book Number 9781032380797
Qualifying information (paperback)
035 ## - SYSTEM CONTROL NUMBER
System control number 22917474
040 ## - CATALOGING SOURCE
Original cataloging agency DLC
Language of cataloging eng
Description conventions rda
Transcribing agency DLC
Modifying agency DLC
-- MILA_ain
042 ## - AUTHENTICATION CODE
Authentication code pcc
050 00 - LIBRARY OF CONGRESS CALL NUMBER
Classification number PN4784.F37
Item number G37 2023
100 1# - MAIN ENTRY--PERSONAL NAME
Personal name Garrison, Bruce,
Dates associated with a name 1950-
Relator term author.
245 10 - TITLE STATEMENT
Title Professional feature writing /
Statement of responsibility, etc. Bruce Garrison.
250 ## - EDITION STATEMENT
Edition statement Sixth edition.
264 #1 - PRODUCTION, PUBLICATION, DISTRIBUTION, MANUFACTURE, AND COPYRIGHT NOTICE
Place of production, publication, distribution, manufacture New York, NY :
Name of producer, publisher, distributor, manufacturer Routledge,
Date of production, publication, distribution, manufacture, or copyright notice 2023.
300 ## - PHYSICAL DESCRIPTION
Extent xi, 471 pages ;
Dimensions 26 cm.
336 ## - CONTENT TYPE
Content type term text
Content type code txt
Source rdacontent
337 ## - MEDIA TYPE
Media type term unmediated
Media type code n
Source rdamedia
338 ## - CARRIER TYPE
Carrier type term volume
Carrier type code nc
Source rdacarrier
490 0# - SERIES STATEMENT
Series statement Routledge communication series
504 ## - BIBLIOGRAPHY, ETC. NOTE
Bibliography, etc. note Includes bibliographical references (pages 447-458) and index.
520 ## - SUMMARY, ETC.
Summary, etc. "Professional Feature Writing provides an essential introduction to the basics of news media feature writing and establishes a solid foundation for students and writers making feature writing their career. This sixth edition offers a thorough and up-to-date look at newspaper, magazine, newsletter, and online publications, with emphasis on daily newspapers, consumer magazines, and online news. Special attention is paid to writing skills, feature story types, and the collegiate and professional writing life, and the text is filled with practical guidance for writing a wide variety of features, drawing on insights from both junior and experienced writers, editors, and publishers. Alongside a solid tour of forms and approaches to feature writing, the author includes lists of tips, observations, guidelines, sources, and story ideas. New to this edition are: - Three new chapters covering interviewing and observation in features, social media in feature writing, and writing social trends features; - Updated international examples of feature writing, integrated throughout the text; - Additional and expanded discussion about writing features for online publications and the uses of social media in gathering information and reporting; - Increased attention to multimedia and the impact of new technologies on the industry. Building on introductory writing and reporting skills, this text is appropriate for upper-division journalism students learning feature writing and advanced writing topics. It will also serve as a valuable resource for freelance writers"--
Assigning source Provided by publisher.
650 #0 - SUBJECT ADDED ENTRY--TOPICAL TERM
Topical term or geographic name entry element Feature writing.
776 08 - ADDITIONAL PHYSICAL FORM ENTRY
Relationship information Online version:
Main entry heading Garrison, Bruce, 1950-
Title Professional feature writing.
Edition Sixth edition
Place, publisher, and date of publication New York, NY : Routledge, 2023.
International Standard Book Number 9781003343400
Record control number (DLC) 2022055401
906 ## - LOCAL DATA ELEMENT F, LDF (RLIN)
a 7
b cbc
c orignew
d 1
e ecip
f 20
g y-gencatlg
942 ## - ADDED ENTRY ELEMENTS (KOHA)
Source of classification or shelving scheme Library of Congress Classification
Koha item type Book
Holdings
Withdrawn status Lost status Source of classification or shelving scheme Damaged status Not for loan Home library Current library Shelving location Date acquired Source of acquisition Cost, normal purchase price Total Checkouts Full call number Barcode Date last seen Cost, replacement price Price effective from Koha item type
    Library of Congress Classification     MILA University Central Library MILA University Central Library General Stacks 14/05/2026 Emo Book Services Sdn Bhd 272.79   PN4784.F37 G37 2023 0003632 14/05/2026 272.79 14/05/2026 Book
   
  Powered by CD Solutions Sdn Bhd